<?xml version="1.0" encoding="UTF-8"?><?xml-stylesheet type="text/xsl" href="static/style.xsl"?><OAI-PMH xmlns="http://www.openarchives.org/OAI/2.0/" xmlns:xsi="http://www.w3.org/2001/XMLSchema-instance" xsi:schemaLocation="http://www.openarchives.org/OAI/2.0/ http://www.openarchives.org/OAI/2.0/OAI-PMH.xsd"><responseDate>2026-04-26T21:59:34Z</responseDate><request verb="GetRecord" identifier="oai:uvadoc.uva.es:10324/3132" metadataPrefix="marc">https://uvadoc.uva.es/oai/request</request><GetRecord><record><header><identifier>oai:uvadoc.uva.es:10324/3132</identifier><datestamp>2021-06-29T09:31:12Z</datestamp><setSpec>com_10324_38</setSpec><setSpec>col_10324_852</setSpec></header><metadata><record xmlns="http://www.loc.gov/MARC21/slim" xmlns:doc="http://www.lyncode.com/xoai" xmlns:xsi="http://www.w3.org/2001/XMLSchema-instance" xmlns:dcterms="http://purl.org/dc/terms/" xsi:schemaLocation="http://www.loc.gov/MARC21/slim http://www.loc.gov/standards/marcxml/schema/MARC21slim.xsd">
<leader>00925njm 22002777a 4500</leader>
<datafield tag="042" ind1=" " ind2=" ">
<subfield code="a">dc</subfield>
</datafield>
<datafield tag="720" ind1=" " ind2=" ">
<subfield code="a">Cebrián González, Raquel</subfield>
<subfield code="e">author</subfield>
</datafield>
<datafield tag="260" ind1=" " ind2=" ">
<subfield code="c">2013</subfield>
</datafield>
<datafield tag="520" ind1=" " ind2=" ">
<subfield code="a">Este Trabajo Fin de Grado en Educación Primaria trata de la utilización del cine musical como medio para adquirir competencias de Educación Primaria. Su elaboración se ha basado en una investigación bibliográfica a partir de la cual, se ha realizado una propuesta didáctica, que consiste en la representación de un musical escolar. La realización de la investigación y la propuesta didáctica ha supuesto poner en práctica los conocimientos adquiridos a lo largo del Grado en Educación Primaria, con lo que se ha logrado plasmar una visión interdisciplinar de la educación, que puede servir de inspiración a otros docentes.</subfield>
</datafield>
<datafield tag="024" ind2=" " ind1="8">
<subfield code="a">http://uvadoc.uva.es/handle/10324/3132</subfield>
</datafield>
<datafield ind1=" " ind2=" " tag="653">
<subfield code="a">Música – Estudio y Enseñanza (Primaria)</subfield>
</datafield>
<datafield ind1=" " ind2=" " tag="653">
<subfield code="a">Música en educación</subfield>
</datafield>
<datafield ind1=" " ind2=" " tag="653">
<subfield code="a">Cine en la educación</subfield>
</datafield>
<datafield tag="245" ind1="0" ind2="0">
<subfield code="a">Desarrollo de competencias en Educación Primaria a través del cine musical e histórico-musical</subfield>
</datafield>
</record></metadata></record></GetRecord></OAI-PMH>